| 000 | 01758nam0a2200325 4500 | ||
|---|---|---|---|
| 001 | RU\NLR\bibl\1240563 | ||
| 005 | 20260405162553.0 | ||
| 010 |
_a978-5-900999-35-7 _91000 |
||
| 021 |
_aRU _b2008-30981 _91712 |
||
| 035 | _a(NLR Aleph) 001226757 | ||
| 090 |
_a172893 _c172893 |
||
| 100 | _a20080611d2008 |||y0rusy50 ca | ||
| 101 | 0 | _arus | |
| 102 | _aRU | ||
| 105 | _aa ||||||||| | ||
| 200 | 1 |
_aВиктор Доркин знакомый и незнакомый _e[краткая история творческой деятельности в документах и воспоминаниях друзей и коллег _fсост. Л.А. Гаврилова, К.В. Меринов] |
|
| 210 |
_aДзержинский _cДМУП "Информационный центр" _d2008[т.е. 2007] |
||
| 215 |
_a415 с., [16] л. цв. ил., портр. _cил., портр. _d25 |
||
| 300 | _aКн. фактически изд. в 2007 г. | ||
| 327 | 1 | _aСодерж.: Я вам скажу: публикации из российских газет и журналов. Общественное признание: воспоминания коллег и друзей | |
| 600 | 1 |
_aДоркин _bВ.И. _f1953 - 2006 _gВиктор Иванович _92525594 _3RU\NLR\auth\661496275 |
|
| 686 | _aТ3(2)74-8 | ||
| 702 | 1 |
_4220 _8rus _7ca _aГаврилова _bЛ. А. _cканд. техн. наук _f1928 - _gЛилия Александровна _3RU\NLR\auth\7768847 _951775 |
|
| 702 | 1 |
_8rus _7ca _aДоркин _bВ. И. _f1953-2006 _gВиктор Иванович _3RU\NLR\auth\7768814 _951742 |
|
| 801 | 0 |
_aRU _bNLR _c20080611 _gRCR |
|
| 801 | 1 |
_aRU _bNLR _c20080611 |
|
| 830 | _aсост и перс. по кн. | ||
| 942 | _cBOOK | ||
| 980 | _aNB | ||